Muestreo, cuantización y codificación de una señal de frecuencias vocales mediante un procesador DSP

Bewaard in:
Bibliografische gegevens
Hoofdauteur: González Elizondo, Alonso
Formaat: Boek
Gepubliceerd in: San José, C.R. 1998
Onderwerpen:
Tags: Voeg label toe
Geen labels, Wees de eerste die dit record labelt!

MARC

LEADER 00000nam a2200000Ia 4500
003 008024
005 20221231144219.0
008 140114s1998 cr a m 000 ||s d
040 |c cru CEDI 
090 |a TFG 3950 
100 |a González Elizondo, Alonso  |9 8771 
245 |a Muestreo, cuantización y codificación de una señal de frecuencias vocales mediante un procesador DSP 
260 |c 1998  |a  San José, C.R. 
300 |a  vi, 42 hojas  
500 |a  Proyecto de graduación (bachillerato en ingeniería eléctrica)--Universidad de Costa Rica. Facultad de Ingeniería. Escuela de Ingeniería Eléctrica 
650 |x PROCESAMIENTO DE SEÑALES  |x MICROPROCESADORES   |x FILTROS ELECTRICOS DIGITALES  |9 8772 
942 |c TFG 
999 |c 18529  |d 18529